Czy rozpoznasz państwa po opisie? #1 - Statystyki

Ogólne statystyki
  • Ten quiz został rozwiązany 1 774 razy
  • Średni wynik to 9 z 15
Statystyki odpowiedzi
Opis: Państwo: % Poprawnych
Państwo unitarne w Europie Środkowej, położone między Morzem Bałtyckim na północy a Sudetami i Karpatami na południu. Polska
95%
Graniczy z 14 państwami, leży w Azji, kiedyś jeden z największych wrogów Polski. Rosja
93%
Posiada największą wyspę świata. Dania
86%
Leży na wyspie o kształcie łzy (wyspie Cejlon), jej stolicą jest Sri Dźajawardanapura Kotte. Sri Lanka
83%
Najmniejsze państwo świata, będące enklawą we Włoszech. Watykan
83%
Posiada najwięcej wysp na świecie, graniczy m.in. z Timorem Wschodnim. Indonezja
78%
Państwo w południowej Afryce, będące enklawą w Republice Południowej Afryki. Lesotho
61%
Oficjalnie Boliwariańska Republika ... -państwo położone w północnej części Ameryki Południowej. Wenezuela
61%
Stolicą kraju jest Maskat, należy do Ligi Państw Arabskich. Oman
58%
Pierwszy zwycięzca Mistrzostw Świata w Piłce Nożnej. Urugwaj
58%
Jedno z największych państw Afryki, dawniej Zair. Demokratyczna Republika Konga
54%
Państwo wyspiarskie, położone w południowo-zachodniej części Oceanu Spokojnego na wschód od Vanuatu, zachód od Tonga i południe od Tuvalu. Fidżi
44%
Graniczy na północy z Marokiem, Algierią i Mauretanią na wschodzie i południu, obecnie terytorium o nieustalonym statusie międzynarodowym. Sahara Zachodnia
40%
Jedyne państwo na świecie, które w swojej fladze nie ma koloru niebieskiego, białego i czerwonego. Jamajka
28%
Najdłuższą rzeką jest rzeka o tej samej nazwie co nazwa kraju (1280 km), najwyżej położony punkt na terytorium tego kraju to Cerro Peró. Paragwaj
25%
Nie znaleziono quizów pasujących do podanych kryteriów
Rozkład punktacji
Procent ludzi z każdym wynikiem
Percentyl według liczby udzielonych odpowiedzi
Twoja historia wyników
Nie rozwiązałeś tego quizu